000 00877nam a22003017a 4500
001 BR2013008347
003 BR-BrBNA
005 20230928104304.0
007 ta
008 230509b bl.||||| |||| 00| 0 por d
040 _aBR-BrBNA
_bpor
_cBiblioteca Nacional de Agricultura
041 _a(Por)
072 _aF06
090 _ F06 BR2013008347
100 1 _aAguiar Netto, A. de O. (ed.)
100 1 _aBastos, E.A. (ed.)
110 1 _aEmpresa Brasileira de Pesquisa Agropecuária, Brasília, DF (Brasil)
245 1 _aPrincípios agronômicos da irrigação
250 1 _a1. ed.
260 3 _aBrasília, DF (Brasil):
_c2013.
300 _a262 p.
500 _aIncludes several bibliographies; Summary (Por); 54 illus.; 27 tables
650 _aAGRICULTURA
650 _aIRRIGAÇÃO
650 _aSOLO
909 _a202309
_bLucia
_c55
_dLucia Elande
942 _cBK
999 _c79112
_d79112